[Event "Scandinavian Open 2009"]
[Site "Valby"]
[Date "2009.04.22"]
[Round "7"]
[White "Lund, Silas"]
[Black "Brynell, Stellan"]
[Result "1-0"]
[WhiteElo "2430"]
[BlackElo "2463"]
[PlyCount "103"]
[EventDate "2009.04.18"]


1. d4 e6 2. c4 Nf6 3. Nc3 Bb4 4. e3 b6 5. Bd3 Bb7 6. Nf3 Ne4 7. O-O f5 8. Ne5
O-O 9. Nxe4 fxe4 10. Bc2 Qg5 11. f4 exf3 12. Nxf3 Bxf3 13. Rxf3 Rxf3 14. Qxf3
Nc6 15. Qe4 g6 16. a3 Bd6 17. Bd2 Rf8 18. Bd3 Qh5 19. g3 Nd8 20. Qg2 Nf7 21.
Be2 Qg5 22. Rd1 Qe7 23. Bc3 c6 24. Bd3 Nh6 25. Rf1 Rxf1+ 26. Kxf1 Nf7 27. Ke2
Bc7 28. h4 Nh6 29. Be1 Nf5 30. Qf3 h5 31. Bf2 d5 32. cxd5 cxd5 33. Bxf5 exf5
34. Qxd5+ Kg7 35. Kd3 Bd6 36. e4 fxe4+ 37. Qxe4 Qf7 38. Be1 Qb3+ 39. Bc3 Qd1+
40. Kc4 Qf1+ 41. Kd5 Bxg3 42. Kc6 Qf6+ 43. Kb7 Qxh4 44. d5+ Kh6 45. Bd2+ Kh7
46. Qe6 Qd4 47. Bc3 Qc5 48. Qf7+ Kh6 49. Bd2+ g5 50. Qf6+ Kh7 51. Qf5+ Kg8 52.
Qg6+ 1-0

[Event "Scandinavian Open 2009"]
[Site "Valby"]
[Date "2009.04.22"]
[Round "7"]
[White "Sisatto, Olli"]
[Black "Thorfinnsson, Bjorn"]
[Result "1/2-1/2"]
[WhiteElo "2286"]
[BlackElo "2422"]
[PlyCount "138"]
[EventDate "2009.04.18"]


1. e4 e5 2. Nf3 Nc6 3. Nc3 Nf6 4. Be2 g6 5. d4 exd4 6. Nxd4 d6 7. Be3 Bg7 8.
O-O Qe7 9. Re1 O-O 10. Nd5 Nxd5 11. exd5 Ne5 12. Qd2 Qh4 13. Bg5 Qe4 14. Nb5
Bf5 15. Bd3 Qg4 16. Be2 Qe4 17. Bd3 Qg4 18. Be2 Qa4 19. b3 Qe4 20. Bd3 Qxd5 21.
Nxc7 Qc6 22. Bxf5 Qxc7 23. Bh3 Nd7 24. c3 Bxc3 25. Rec1 Bxd2 26. Rxc7 Bxg5 27.
Rxd7 Rfc8 28. Rxd6 Rc2 29. g3 Be7 30. Rd7 Bc5 31. Rf1 Re8 32. Bg4 Rxa2 33. Rxb7
f5 34. Bf3 Rd8 35. Rb5 Bb6 36. Rd5 Rc8 37. Rd3 Rcc2 38. Bd5+ Kg7 39. Rf3 Rd2
40. Bc4 Rac2 41. Kg2 a5 42. Bd3 Rb2 43. Bc4 Bc5 44. h3 h5 45. h4 Kf6 46. Bg8
Rbc2 47. Rf4 Bd4 48. Rf3 Rc8 49. Bd5 Bxf2 50. R1xf2 Rxd5 51. Re3 Rc1 52. Rfe2
Rd6 53. Re5 Ra1 54. Rb5 Rc6 55. Kf2 Rcc1 56. Rb6+ Kg7 57. Re7+ Kh6 58. Rbb7
Ra2+ 59. Re2 Rxe2+ 60. Kxe2 f4 61. gxf4 Rh1 62. Kf3 Rh3+ 63. Ke4 Rxh4 64. Rb5
Rh3 65. Rxa5 Rxb3 66. Ra8 Rh3 67. Ra6 Rh4 68. Kf3 Rh1 69. Kg2 Rh4 1/2-1/2

[Event "Scandinavian Open 2009"]
[Site "Valby"]
[Date "2009.04.22"]
[Round "7"]
[White "Zdebskaja, Natalia"]
[Black "Smith, Axel"]
[Result "1/2-1/2"]
[WhiteElo "2438"]
[BlackElo "2383"]
[PlyCount "50"]
[EventDate "2009.04.18"]


1. e4 e5 2. Nf3 Nc6 3. Bb5 Nf6 4. d3 Bc5 5. Bxc6 dxc6 6. h3 O-O 7. O-O Re8 8.
Nbd2 Bd6 9. b3 c5 10. Bb2 a5 11. Nc4 Nd7 12. a4 b6 13. Nfd2 Nf8 14. f4 exf4 15.
e5 Be7 16. Qf3 Be6 17. Qxf4 Bg5 18. Qf2 Bxd2 19. Nxd2 Ng6 20. Rae1 Qh4 21. Qe3
Qe7 22. Ne4 h6 23. Ng3 Rad8 24. Rf2 Qg5 25. Qxg5 hxg5 1/2-1/2

[Event "Scandinavian Open 2009"]
[Site "Valby"]
[Date "2009.04.23"]
[Round "8"]
[White "Bejtovic, Jasmin"]
[Black "Brynell, Stellan"]
[Result "0-1"]
[WhiteElo "2306"]
[BlackElo "2463"]
[PlyCount "130"]
[EventDate "2009.04.18"]


1. e4 e6 2. d4 d5 3. Nc3 Nf6 4. e5 Nfd7 5. f4 c5 6. Nf3 Nc6 7. Be3 cxd4 8. Nxd4
Bc5 9. Qd2 O-O 10. O-O-O a6 11. Qf2 Qe7 12. Bd3 f6 13. exf6 Nxf6 14. Qh4 g6 15.
Nce2 Bd7 16. Kb1 Nb4 17. g4 e5 18. fxe5 Nxg4 19. Bg5 Qxe5 20. Rhg1 Nxd3 21.
Rxd3 Nf2 22. Rb3 b5 23. Bh6 Be7 24. Bg5 Bxg5 25. Rxg5 Ne4 26. Rg1 Nd2+ 27. Ka1
Nxb3+ 28. axb3 Rf7 29. Rg5 Qd6 30. Qe1 Qxh2 31. Qc3 Rf1+ 32. Ka2 Qh1 33. b4
Ra1+ 34. Kb3 Rc8 35. Qd3 Qe4 36. Qg3 Re8 37. c3 Rf1 38. Qc7 Qe7 39. Qg3 Qf6 40.
Ng1 Kg7 41. Ngf3 h6 42. Re5 Rxe5 43. Nxe5 Bf5 44. Nef3 Be6 45. Nh2 Bf7 46. Nxf1
Qxf1 47. Kc2 Qf6 48. b3 g5 49. Kb2 h5 50. Nf3 Kh6 51. Ne5 Be6 52. Nd3 Bf5 53.
Ne5 Be4 54. Nd7 Qf4 55. Qg1 Qd2+ 56. Ka3 Qxc3 57. Qf1 Bf5 58. Nc5 a5 59. Ka2
Qd2+ 60. Ka1 Kg6 61. Na6 axb4 62. Qg1 h4 63. Nc5 d4 64. Ne4 Bxe4 65. Qxg5+ Qxg5
0-1

[Event "Scandinavian Open 2009"]
[Site "Valby"]
[Date "2009.04.23"]
[Round "8"]
[White "Bekker Jensen, Simon"]
[Black "Danielsen, Henrik"]
[Result "0-1"]
[WhiteElo "2411"]
[BlackElo "2482"]
[PlyCount "94"]
[EventDate "2009.04.18"]


1. d4 d6 2. g3 g6 3. Bg2 Bg7 4. c4 c5 5. d5 Na6 6. Nc3 Bd7 7. e4 Qa5 8. Nge2 b5
9. cxb5 Bxb5 10. Bd2 Nf6 11. Nxb5 Qxb5 12. Nc3 Qa5 13. e5 Nd7 14. Ne4 Qb5 15.
exd6 Ne5 16. Qe2 Qxe2+ 17. Kxe2 f5 18. Ng5 exd6 19. Ne6 Bf6 20. Bc3 Rb8 21. f4
Ng4 22. Rab1 Kd7 23. Bf3 Bxc3 24. bxc3 Nf6 25. Rb3 Rb6 26. Kd3 Nc7 27. Nxc7
Kxc7 28. h3 Re8 29. c4 Re7 30. h4 h5 31. Rhb1 Nd7 32. Bg2 Rxb3+ 33. axb3 Kb6
34. Ra1 Nb8 35. Kd2 Na6 36. Bf3 Nb4 37. Re1 Rxe1 38. Kxe1 Ka5 39. Kd2 Na2 40.
g4 hxg4 41. Bxg4 fxg4 42. f5 gxf5 43. Ke3 Nc3 44. h5 Ne4 45. h6 Nf6 46. Kf4 Nh7
47. Kxf5 g3 0-1

[Event "Scandinavian Open 2009"]
[Site "Valby"]
[Date "2009.04.23"]
[Round "8"]
[White "Christensen, Stefan"]
[Black "Sachdev, Tania"]
[Result "1/2-1/2"]
[WhiteElo "2313"]
[BlackElo "2423"]
[PlyCount "97"]
[EventDate "2009.04.18"]


1. e4 e5 2. Nf3 Nc6 3. Bb5 a6 4. Ba4 Nf6 5. d4 exd4 6. O-O Be7 7. e5 Ne4 8.
Nxd4 Nxd4 9. Qxd4 Nc5 10. Nc3 Nxa4 11. Qxa4 O-O 12. Bf4 b5 13. Qd4 Bb7 14. Rad1
Bc6 15. Nd5 Rc8 16. Rfe1 f6 17. exf6 Bxf6 18. Be5 Bxe5 19. Qxe5 Bxd5 20. Qxd5+
Rf7 21. Re3 c6 22. Qd6 Qh4 23. g3 Qc4 24. Re7 Rcf8 25. Rxf7 Qxf7 26. f4 Qxa2
27. Qxd7 Qxb2 28. Qxc6 a5 29. Rd5 a4 30. Rxb5 Qd4+ 31. Kg2 a3 32. Qe6+ Kh8 33.
Qe5 Qd2+ 34. Kh3 Qxc2 35. Rc5 Qg6 36. Ra5 Re8 37. Qc3 a2 38. Qa3 Qh6+ 39. Kg4
Qe6+ 40. Kh4 Qh6+ 41. Kg4 Qe6+ 42. Kh4 Qe2 43. Qxa2 g5+ 44. Kxg5 Rg8+ 45. Qxg8+
Kxg8 46. Ra8+ Kf7 47. Ra7+ Kg8 48. Ra8+ Kf7 49. Ra7+ 1/2-1/2

[Event "Scandinavian Open 2009"]
[Site "Valby"]
[Date "2009.04.23"]
[Round "8"]
[White "Haub, Thorsten Michael"]
[Black "Grandelius, Nils"]
[Result "1-0"]
[WhiteElo "2448"]
[BlackElo "2491"]
[PlyCount "109"]
[EventDate "2009.04.18"]


1. g3 d5 2. Bg2 Nf6 3. d3 g6 4. Nd2 Bg7 5. e4 c5 6. Ngf3 O-O 7. O-O Nc6 8. c3
e5 9. exd5 Nxd5 10. Re1 Re8 11. Nc4 h6 12. Qb3 Nb6 13. Be3 Be6 14. Qb5 e4 15.
Nfd2 exd3 16. Bxc5 Qg5 17. f4 Qh5 18. Nd6 Nd7 19. Bf2 Qxb5 20. Nxb5 Rec8 21.
Be4 Nf6 22. Bxg6 Bh3 23. Bxd3 Rd8 24. Nd4 Ng4 25. N2f3 Nxf2 26. Kxf2 Nxd4 27.
Nxd4 Bxd4+ 28. cxd4 Rxd4 29. Rad1 Kg7 30. Be4 Rad8 31. Rxd4 Rxd4 32. Ke3 Rd7
33. g4 Re7 34. Rg1 h5 35. gxh5+ Kh6 36. Kd4 Rd7+ 37. Kc3 Rc7+ 38. Kb4 Rd7 39.
Kc5 b6+ 40. Kc6 Rd2 41. Bd5 Rxb2 42. Bxf7 Bg2+ 43. Kd6 Rd2+ 44. Ke5 b5 45. h4
b4 46. Kf6 a5 47. Re1 Rd6+ 48. Ke7 Rb6 49. Re6+ Rxe6+ 50. Bxe6 Be4 51. f5 Bxf5
52. Bxf5 a4 53. Bg6 b3 54. a3 b2 55. Kd6 1-0

[Event "Scandinavian Open 2009"]
[Site "Valby"]
[Date "2009.04.23"]
[Round "8"]
[White "Hoi, Carsten"]
[Black "Drozdovskij, Yuri"]
[Result "1/2-1/2"]
[WhiteElo "2387"]
[BlackElo "2603"]
[PlyCount "97"]
[EventDate "2009.04.18"]


1. d4 d5 2. Nf3 Nf6 3. c4 dxc4 4. e3 e6 5. Bxc4 c5 6. O-O a6 7. Nc3 b5 8. Bb3
Bb7 9. Qe2 Nbd7 10. Rd1 Bd6 11. Ne5 Qc7 12. f4 O-O 13. Bd2 Nb6 14. Rac1 Qe7 15.
Be1 cxd4 16. exd4 Nfd5 17. Bd2 Nxc3 18. Rxc3 Bd5 19. Bc2 f5 20. Rh3 Bxe5 21.
fxe5 Rac8 22. Bb1 Qb7 23. Bb4 Rf7 24. Bc5 Na4 25. b4 Rd7 26. Qh5 g6 27. Qg5 Be4
28. Bxe4 Qxe4 29. Re3 Qd5 30. h4 Nxc5 31. bxc5 Rxc5 32. h5 Rc8 33. Rg3 Rg7 34.
Kh2 Qd8 35. Qxd8+ Rxd8 36. Rc3 Rgd7 37. hxg6 hxg6 38. Rc6 Kf7 39. Rxa6 g5 40.
Rb6 Rxd4 41. Rb7+ Kg6 42. Rxd4 Rxd4 43. Re7 f4 44. Rxe6+ Kf5 45. Rb6 Rd2 46.
Rxb5 f3 47. Kg3 f2 48. Rb1 Rxa2 49. Rf1 1/2-1/2

[Event "Scandinavian Open 2009"]
[Site "Valby"]
[Date "2009.04.23"]
[Round "8"]
[White "Semcesen, Daniel"]
[Black "Lund, Silas"]
[Result "1/2-1/2"]
[WhiteElo "2387"]
[BlackElo "2430"]
[PlyCount "126"]
[EventDate "2009.04.18"]


1. c4 e5 2. Nc3 d6 3. Nf3 f5 4. d4 e4 5. Ng5 Be7 6. Nh3 Nf6 7. g3 c6 8. Bg2 O-O
9. O-O Na6 10. f3 exf3 11. exf3 Nc7 12. Re1 d5 13. c5 b6 14. b4 Qd7 15. Bf4 Ne6
16. Be5 Ba6 17. Nf2 Bc4 18. Qd2 Nd8 19. Nd3 Nf7 20. Nb2 bxc5 21. bxc5 Ba6 22.
Bf4 Nh5 23. Be3 f4 24. Bf2 fxg3 25. hxg3 Rae8 26. Nd3 Bf6 27. Rxe8 Rxe8 28. Re1
Rxe1+ 29. Nxe1 g6 30. g4 Ng7 31. Be3 Ne6 32. Nc2 Bg5 33. f4 Nxf4 34. Bxf4 Qxg4
35. Be3 h5 36. Nd1 Bf6 37. Nf2 Qh4 38. Nh3 g5 39. Qf2 Qxf2+ 40. Kxf2 Kg7 41.
Nb4 Bb7 42. Bf1 a5 43. Ba6 Bxa6 44. Nxa6 Kg6 45. a4 Kf5 46. Nb8 Nd8 47. Nd7 Be7
48. Ne5 Bf6 49. Nd7 Be7 50. Ng1 g4 51. Ne2 Bh4+ 52. Ng3+ Bxg3+ 53. Kxg3 Ke4 54.
Bd2 Nb7 55. Ne5 Kxd4 56. Nxc6+ Kxc5 57. Nxa5 Nd6 58. Be1 Ne4+ 59. Kh4 d4 60.
Nb3+ Kd5 61. Nxd4 Kxd4 62. Kxh5 g3 63. Bxg3 Nxg3+ 1/2-1/2

[Event "Scandinavian Open 2009"]
[Site "Valby"]
[Date "2009.04.23"]
[Round "8"]
[White "Sisatto, Olli"]
[Black "Pedersen, Daniel Vesterbaek"]
[Result "1-0"]
[WhiteElo "2286"]
[BlackElo "2251"]
[PlyCount "149"]
[EventDate "2009.04.18"]


1. e4 e5 2. Nf3 Nc6 3. Bb5 Nf6 4. Nc3 Bd6 5. O-O O-O 6. Re1 a6 7. Bxc6 dxc6 8.
d4 exd4 9. Qxd4 Be7 10. Bf4 Bg4 11. Qxd8 Bxd8 12. Ne5 Be6 13. Nd3 Re8 14. f3
Nh5 15. Bd2 g5 16. g4 Ng7 17. Ne2 Bf6 18. Bc3 Bxc3 19. Nxc3 Rad8 20. Rad1 Bc8
21. Kf2 Ne6 22. h4 h6 23. hxg5 hxg5 24. Rh1 Kg7 25. Ne2 Rh8 26. Ke3 f6 27. Ng3
c5 28. e5 c4 29. exf6+ Kxf6 30. Ne4+ Kg7 31. Ndc5 Nxc5 32. Nxc5 Rxd1 33. Rxd1
b6 34. Ne4 Rh2 35. Rd2 Rxd2 36. Kxd2 Kg6 37. Kc3 Be6 38. Kd4 c6 39. c3 Bd5 40.
Ke5 a5 41. Kd6 a4 42. a3 b5 43. Ke7 Bg8 44. Kd6 Bd5 45. Ke5 Bg8 46. Nf6 Bf7 47.
Nh5 Bg8 48. Ng3 Bd5 49. Ne4 Bg8 50. f4 gxf4 51. Kxf4 Be6 52. Ng5 Bd5 53. Ne4
Be6 54. Ng5 Bd5 55. Nf3 Kf6 56. Nd4 Bh1 57. Nf3 Ke6 58. Nd4+ Kf6 59. Nf3 Bg2
60. g5+ Ke6 61. Nd4+ Kf7 62. Ke5 Kg6 63. Kd6 Kxg5 64. Nxc6 Kf4 65. Nd4 Ke3 66.
Kc5 Kd2 67. Nxb5 Bf1 68. Kb4 Kc2 69. Kxa4 Kxb2 70. Kb4 Kc2 71. a4 Kd3 72. a5
Ke4 73. a6 Ke5 74. a7 Bg2 75. Nc7 1-0

[Event "Scandinavian Open 2009"]
[Site "Valby"]
[Date "2009.04.23"]
[Round "8"]
[White "Smith, Axel"]
[Black "Jacobsen, Bo"]
[Result "1/2-1/2"]
[WhiteElo "2383"]
[BlackElo "2325"]
[PlyCount "40"]
[EventDate "2009.04.18"]


1. e4 e5 2. Nf3 Nc6 3. Bb5 Nf6 4. O-O d6 5. d4 Bd7 6. Re1 Be7 7. d5 Nb8 8.
Bxd7+ Nbxd7 9. c4 a5 10. Nc3 Nc5 11. Qc2 O-O 12. Be3 Nfd7 13. b3 Kh8 14. a3 Na6
15. Kh1 g6 16. g4 Nf6 17. Rg1 c6 18. Rad1 Qc8 19. Bg5 Rd8 20. Rd2 Rb8 1/2-1/2

[Event "Scandinavian Open 2009"]
[Site "Valby"]
[Date "2009.04.23"]
[Round "8"]
[White "Thorfinnsson, Bjorn"]
[Black "Zdebskaja, Natalia"]
[Result "1-0"]
[WhiteElo "2422"]
[BlackElo "2438"]
[PlyCount "107"]
[EventDate "2009.04.18"]


1. d4 Nf6 2. c4 e6 3. Nf3 d5 4. Nc3 Bb4 5. Qa4+ Nc6 6. Ne5 Bd7 7. Nxc6 Bxc3+ 8.
bxc3 Bxc6 9. Qb3 Ne4 10. e3 dxc4 11. Bxc4 Qg5 12. Bf1 O-O-O 13. h4 Qf5 14. Qb2
h5 15. Bd3 Qg4 16. f3 Nc5 17. Bf1 Qg3+ 18. Qf2 Qd6 19. Bc4 b5 20. Ba3 Ne4 21.
Bxd6 Nxf2 22. Kxf2 cxd6 23. Be2 Kd7 24. a4 bxa4 25. Bd1 Rb8 26. Bxa4 Rb2+ 27.
Kg3 Ra8 28. Ra3 a5 29. Rha1 Bxa4 30. Rxa4 Re2 31. e4 Rc8 32. Rxa5 Rxc3 33. Ra7+
Kc6 34. R1a6+ Kb5 35. Rxd6 Rxe4 36. Rb7+ Ka5 37. Rb1 Ree3 38. Rd7 Ka6 39. Rxf7
Rc4 40. Rxg7 Rxd4 41. Rg8 Ka7 42. Rg5 Ra4 43. Rxh5 Re2 44. Rg5 Raa2 45. Kh3 e5
46. Rb5 e4 47. Ra5+ Rxa5 48. Rxa5+ Kb6 49. Rf5 e3 50. Re5 Kc6 51. Kg3 Kd6 52.
Re4 Kd5 53. h5 Re1 54. h6 1-0

[Event "Scandinavian Open 2009"]
[Site "Valby"]
[Date "2009.04.23"]
[Round "8"]
[White "Tikkanen, Hans"]
[Black "Grabarczyk, Miroslaw"]
[Result "1-0"]
[WhiteElo "2425"]
[BlackElo "2469"]
[PlyCount "81"]
[EventDate "2009.04.18"]


1. d4 d5 2. c4 e6 3. Nc3 Nf6 4. cxd5 exd5 5. Bg5 c6 6. e3 Be7 7. Qc2 Nbd7 8.
Bd3 Nh5 9. Bxe7 Qxe7 10. Nge2 g6 11. g4 Ng7 12. h4 Nb6 13. h5 gxh5 14. gxh5 h6
15. O-O-O Be6 16. Rdg1 Kf8 17. Rg3 Nd7 18. Nf4 Nf6 19. Kb1 Qd7 20. f3 Re8 21.
Ka1 Qd6 22. Nce2 Qd7 23. e4 dxe4 24. fxe4 Nh7 25. Rhg1 Ng5 26. d5 cxd5 27. exd5
Bf5 28. Qc5+ Kg8 29. Bb5 Rc8 30. Qb4 Qd8 31. d6 a6 32. Ba4 b5 33. Bb3 Rc6 34.
Ng6 Rxd6 35. Nxh8 Kxh8 36. Qc3 Kh7 37. Bxf7 Rd1+ 38. Nc1 Qd4 39. Bg6+ Kh8 40.
Rxd1 Qxd1 41. Bxf5 1-0

[Event "Scandinavian Open 2009"]
[Site "Valby"]
[Date "2009.04.25"]
[Round "9"]
[White "Bejtovic, Jasmin"]
[Black "Smith, Axel"]
[Result "1-0"]
[WhiteElo "2306"]
[BlackElo "2383"]
[PlyCount "71"]
[EventDate "2009.04.18"]


1. c4 e6 2. g3 d5 3. d4 dxc4 4. Bg2 c6 5. Nf3 b5 6. a4 Bb7 7. Ne5 a6 8. O-O Nd7
9. Bxc6 Bxc6 10. Nxc6 Qc8 11. Ne5 Ngf6 12. Nxd7 Kxd7 13. d5 e5 14. e4 h5 15.
Qf3 Bd6 16. Bg5 Ke7 17. axb5 axb5 18. Nc3 b4 19. Rxa8 Qxa8 20. Nd1 Bc5 21. d6+
Kd7 22. Bxf6 gxf6 23. Qxf6 Qe8 24. Ne3 Bxe3 25. fxe3 Rg8 26. Ra1 Qe6 27. Ra7+
Kc6 28. Qf1 Rc8 29. d7 Rc7 30. d8=N+ Kb5 31. Rxc7 Ka4 32. Nxe6 Kb3 33. Qxc4+
Kxb2 34. Qc2+ Ka1 35. Nc5 b3 36. Nxb3# 1-0

[Event "Scandinavian Open 2009"]
[Site "Valby"]
[Date "2009.04.25"]
[Round "9"]
[White "Brynell, Stellan"]
[Black "Grabarczyk, Miroslaw"]
[Result "1/2-1/2"]
[WhiteElo "2463"]
[BlackElo "2469"]
[PlyCount "37"]
[EventDate "2009.04.18"]


1. d4 d5 2. c4 e6 3. Nf3 Nf6 4. g3 Bb4+ 5. Bd2 Be7 6. Bg2 O-O 7. O-O c6 8. Qc2
Nbd7 9. Rd1 b6 10. Bf4 Bb7 11. Nc3 dxc4 12. Nd2 Nd5 13. Nxc4 Nxf4 14. gxf4 Nf6
15. Ne5 Nd5 16. e3 Rc8 17. Rac1 Bd6 18. Ne4 Bb8 19. a3 1/2-1/2

[Event "Scandinavian Open 2009"]
[Site "Valby"]
[Date "2009.04.25"]
[Round "9"]
[White "Drozdovskij, Yuri"]
[Black "Danielsen, Henrik"]
[Result "1-0"]
[WhiteElo "2603"]
[BlackElo "2482"]
[PlyCount "133"]
[EventDate "2009.04.18"]


1. d4 d6 2. g3 g6 3. Bg2 Bg7 4. c4 f5 5. Nf3 c6 6. Nc3 Nh6 7. O-O O-O 8. d5 e5
9. dxe6 Bxe6 10. Qb3 Qd7 11. Ng5 Re8 12. Rd1 Na6 13. Bf4 Nf7 14. Nxe6 Rxe6 15.
e4 Nc5 16. Qc2 Nxe4 17. Nxe4 fxe4 18. Bxe4 Bxb2 19. Rab1 Bg7 20. Bg2 Re7 21.
Qb3 Qe6 22. h4 Be5 23. Be3 Qg4 24. Qd3 a6 25. Re1 Rae8 26. Bb6 Bg7 27. Rxe7
Rxe7 28. Be3 Qe6 29. Rd1 Bf8 30. Bf4 Qf6 31. Qd2 Qf5 32. Qb2 Bg7 33. Qb3 Be5
34. Be3 Qg4 35. Rb1 Qe2 36. Bb6 Qd2 37. Be3 Qe2 38. Bb6 Bf6 39. Be3 Kg7 40. Bf3
Qxf3 41. Bh6+ Nxh6 42. Qxf3 Nf5 43. Qd3 h5 44. Kf1 Rf7 45. Re1 b5 46. cxb5 axb5
47. Re8 b4 48. Kg2 Bd4 49. Qa6 c5 50. Qc4 Nh6 51. f3 Nf5 52. Qe6 Be5 53. Qc8
Bxg3 54. Rg8+ Kf6 55. Qd8+ Re7 56. Rf8+ Ke6 57. Rxf5 gxf5 58. Kxg3 Ra7 59. Kf4
Kd5 60. Kxf5 Ra3 61. f4 c4 62. Qb6 Rxa2 63. Qxb4 Re2 64. Qc3 Re7 65. Kg5 Re4
66. f5 Kc5 67. f6 1-0

[Event "Scandinavian Open 2009"]
[Site "Valby"]
[Date "2009.04.25"]
[Round "9"]
[White "Haub, Thorsten Michael"]
[Black "Tikkanen, Hans"]
[Result "1-0"]
[WhiteElo "2448"]
[BlackElo "2425"]
[PlyCount "103"]
[EventDate "2009.04.18"]


1. g3 c5 2. Bg2 Nc6 3. d3 e5 4. e4 g6 5. Nf3 Bg7 6. O-O Nge7 7. c3 d6 8. Nbd2
O-O 9. Nh4 d5 10. exd5 Nxd5 11. Ne4 b6 12. Qb3 Nde7 13. f4 Be6 14. Qc2 f6 15.
Nf3 exf4 16. Bxf4 Nd5 17. Bd2 Kh8 18. a3 Rc8 19. Rae1 Qd7 20. Nf2 Rfe8 21. Re2
Bf5 22. Rxe8+ Rxe8 23. Nh4 Be6 24. Nf3 Bf5 25. Nh4 Be6 26. Nf3 Bg8 27. Qc1 Na5
28. Re1 Nb3 29. Qd1 Nxd2 30. Qxd2 Rxe1+ 31. Qxe1 Bh6 32. d4 Ne3 33. dxc5 Nxg2
34. Kxg2 bxc5 35. c4 Bxc4 36. Qc3 Qe6 37. b3 Bxb3 38. Qxc5 a6 39. Qb4 Kg8 40.
Nd4 Bd5+ 41. Kf1 Qc8 42. Ne2 Bf8 43. Qd4 Qf5 44. Nc3 Bc6 45. Qc4+ Kg7 46. Qxc6
Bxa3 47. Qxa6 Bc5 48. Nce4 Bd4 49. Qb7+ Kh6 50. Qb4 Bxf2 51. Qf8+ Kh5 52. Nxf6+
1-0

[Event "Scandinavian Open 2009"]
[Site "Valby"]
[Date "2009.04.25"]
[Round "9"]
[White "Jacobsen, Bo"]
[Black "Bekker Jensen, Simon"]
[Result "0-1"]
[WhiteElo "2325"]
[BlackElo "2411"]
[PlyCount "74"]
[EventDate "2009.04.18"]


1. c4 Nf6 2. g3 g6 3. Bg2 Bg7 4. Nc3 O-O 5. d4 c6 6. e4 d6 7. Nf3 Na6 8. h3 e5
9. O-O Qb6 10. dxe5 dxe5 11. Qe2 Nc5 12. Be3 Qa5 13. Qc2 Nh5 14. a3 Ne6 15. b4
Qc7 16. Rad1 f5 17. exf5 gxf5 18. Ne2 a5 19. c5 axb4 20. axb4 Qf7 21. Rd6 h6
22. Nh4 f4 23. Be4 Ng5 24. Bg6 Qa2 25. Qxa2+ Rxa2 26. Bxh5 fxe3 27. fxe3 Rxf1+
28. Kxf1 Ra1+ 29. Kg2 Bxh3+ 30. Kh2 Rf1 31. Nf4 exf4 32. exf4 Rf2+ 33. Kg1 Rf1+
34. Kh2 Rf2+ 35. Kg1 Ne4 36. Rd8+ Bf8 37. Ng6 Rg2+ 0-1

[Event "Scandinavian Open 2009"]
[Site "Valby"]
[Date "2009.04.25"]
[Round "9"]
[White "Lund, Silas"]
[Black "Hoi, Carsten"]
[Result "0-1"]
[WhiteElo "2430"]
[BlackElo "2387"]
[PlyCount "68"]
[EventDate "2009.04.18"]


1. d4 g6 2. e4 Bg7 3. c4 d6 4. Nc3 e5 5. dxe5 dxe5 6. Qxd8+ Kxd8 7. f4 Be6 8.
Nf3 Nd7 9. Ng5 h6 10. Nxe6+ fxe6 11. g3 Ngf6 12. Bh3 Ke7 13. Be3 h5 14. f5 Ng4
15. Bxg4 hxg4 16. fxe6 Kxe6 17. Nb5 Rhc8 18. O-O-O a6 19. Nc3 Rh8 20. Rhf1 Bh6
21. Bxh6 Rxh6 22. Nd5 Rc8 23. Rd2 g5 24. Rf5 c6 25. Ne3 Nf6 26. Re2 Rh5 27. Rf1
Rch8 28. c5 R5h7 29. Rf5 Nxe4 30. Rf1 Rxh2 31. Rxh2 Rxh2 32. Nxg4 Re2 33. Rf8
Nxc5 34. Rf6+ Kd5 0-1

[Event "Scandinavian Open 2009"]
[Site "Valby"]
[Date "2009.04.25"]
[Round "9"]
[White "Pedersen, Daniel Vesterbaek"]
[Black "Christensen, Stefan"]
[Result "1-0"]
[WhiteElo "2251"]
[BlackElo "2313"]
[PlyCount "67"]
[EventDate "2009.04.18"]


1. e4 e6 2. d4 d5 3. Nc3 Bb4 4. e5 c5 5. a3 Bxc3+ 6. bxc3 Ne7 7. Qg4 Qc7 8.
Qxg7 Rg8 9. Qxh7 cxd4 10. Ne2 Nbc6 11. f4 Bd7 12. Qd3 dxc3 13. Qxc3 O-O-O 14.
Rb1 Nf5 15. Rg1 d4 16. Qd3 f6 17. g4 Ne3 18. Bxe3 dxe3 19. exf6 e5 20. Qxe3
Rxg4 21. Rxg4 Bxg4 22. Bh3 Qd7 23. Bxg4 Qxg4 24. fxe5 Nd4 25. Nxd4 Rxd4 26. f7
Qh4+ 27. Kf1 Rf4+ 28. Kg1 Rxf7 29. e6 Rg7+ 30. Kh1 Qh5 31. Rf1 Rg8 32. e7 Kd7
33. Qd4+ Kc7 34. Qc4+ 1-0

[Event "Scandinavian Open 2009"]
[Site "Valby"]
[Date "2009.04.25"]
[Round "9"]
[White "Sachdev, Tania"]
[Black "Thorfinnsson, Bjorn"]
[Result "1-0"]
[WhiteElo "2423"]
[BlackElo "2422"]
[PlyCount "101"]
[EventDate "2009.04.18"]


1. d4 Nf6 2. Nf3 e6 3. c4 c5 4. d5 exd5 5. cxd5 d6 6. Nc3 g6 7. h3 Bg7 8. e4
O-O 9. Bd3 a6 10. a4 Nbd7 11. O-O Nh5 12. g4 Nhf6 13. Bf4 Ne8 14. Bg3 Ne5 15.
Nxe5 Bxe5 16. f4 Bd4+ 17. Bf2 Qh4 18. Qf3 h5 19. Kg2 hxg4 20. Bxh4 gxf3+ 21.
Rxf3 f5 22. e5 dxe5 23. fxe5 Bxe5 24. Be7 Rf7 25. Bxc5 Bd7 26. Re1 Rc8 27. Bb4
Bd4 28. Rf4 Bg7 29. h4 Bf8 30. Bxf8 Kxf8 31. Rb4 Nd6 32. Rb6 Rf6 33. Ne2 f4 34.
Nxf4 Rxf4 35. Rxd6 Bxa4 36. Rxg6 Bb3 37. Kg3 Rd4 38. Rf1+ Ke7 39. Re6+ Kd8 40.
Rf8+ Kc7 41. Rxc8+ Kxc8 42. Bf5 Kd8 43. h5 Rxd5 44. Kf4 Rd2 45. Re3 Rxb2 46. h6
Rf2+ 47. Ke5 Bc2 48. Bxc2 Rxc2 49. Rh3 Re2+ 50. Kd6 Rd2+ 51. Kc5 1-0

[Event "Scandinavian Open 2009"]
[Site "Valby"]
[Date "2009.04.25"]
[Round "9"]
[White "Zdebskaja, Natalia"]
[Black "Sisatto, Olli"]
[Result "1-0"]
[WhiteElo "2438"]
[BlackElo "2286"]
[PlyCount "103"]
[EventDate "2009.04.18"]


1. e4 e5 2. Nf3 Nc6 3. Bb5 a6 4. Ba4 d6 5. c3 Nge7 6. d4 Ng6 7. O-O Be7 8. d5
b5 9. Bc2 Na5 10. a4 Bd7 11. Nbd2 c5 12. dxc6 Bxc6 13. b4 Nb7 14. c4 O-O 15.
Bb2 Qd7 16. Ra3 Kh8 17. cxb5 axb5 18. a5 f6 19. Re3 d5 20. exd5 Qxd5 21. Be4
Qd7 22. Bxg6 hxg6 23. Nh4 Bxb4 24. Nxg6+ Kg8 25. Qb3+ Qd5 26. Qxd5+ Bxd5 27.
Nxf8 Bxd2 28. Rd3 Bc4 29. Rxd2 Bxf1 30. Kxf1 Kxf8 31. Ba3+ Ke8 32. Bb4 Ra7 33.
Ra2 Ra6 34. Ke2 Nd8 35. Kd3 Nc6 36. Kc3 Kd7 37. h4 Kc7 38. h5 Ra8 39. g4 Rc8
40. Bc5 Nb8 41. Kb4 Kb7 42. Kxb5 Na6 43. Bd6 Rc1 44. Rb2 Rg1 45. Kc4+ Ka7 46.
f3 e4 47. fxe4 Rxg4 48. Kd5 Rg5+ 49. Kc6 Rxa5 50. Rb7+ Ka8 51. Rxg7 Rxh5 52.
Kb6 1-0

[Event "Scandinavian Open 2009"]
[Site "Valby"]
[Date "2009.04.25"]
[Round "10"]
[White "Bejtovic, Jasmin"]
[Black "Danielsen, Henrik"]
[Result "1/2-1/2"]
[WhiteElo "2306"]
[BlackElo "2482"]
[PlyCount "59"]
[EventDate "2009.04.18"]


1. c4 g6 2. g3 Bg7 3. Bg2 Nf6 4. Nc3 O-O 5. Nf3 c5 6. d4 d6 7. O-O Nc6 8. dxc5
dxc5 9. Bf4 Nh5 10. Be3 Nd4 11. Qd2 Bg4 12. Rfd1 e5 13. h3 Bxf3 14. Bxf3 Nxf3+
15. exf3 b6 16. Kg2 Qb8 17. Qd6 Rd8 18. Qc6 Rc8 19. Qe4 f5 20. Qd5+ Kh8 21. Bg5
Re8 22. Qc6 e4 23. fxe4 f4 24. Nb5 f3+ 25. Kh2 Qe5 26. Nd6 Qxb2 27. Be3 Rf8 28.
Nf7+ Kg8 29. Qd5 Nf6 30. Nh6+ 1/2-1/2

[Event "Scandinavian Open 2009"]
[Site "Valby"]
[Date "2009.04.25"]
[Round "10"]
[White "Bekker Jensen, Simon"]
[Black "Sisatto, Olli"]
[Result "1-0"]
[WhiteElo "2411"]
[BlackElo "2286"]
[PlyCount "121"]
[EventDate "2009.04.18"]


1. d4 d5 2. c4 dxc4 3. Nf3 c5 4. e3 cxd4 5. Bxc4 Qc7 6. Qb3 e6 7. exd4 Nf6 8.
O-O Nc6 9. Qd3 Nb4 10. Qe2 Be7 11. Nc3 O-O 12. Bg5 Rd8 13. Rac1 Qa5 14. a3 Nc6
15. d5 exd5 16. Bxf6 Bxf6 17. Nxd5 Bg4 18. Nxf6+ gxf6 19. h3 Nd4 20. Qe7 Rd7
21. Qxf6 Bxf3 22. gxf3 Qe5 23. Qxe5 Nxf3+ 24. Kg2 Nxe5 25. Bb3 Rad8 26. Rc2 Kh8
27. f4 Rd2+ 28. Rf2 Rxf2+ 29. Kxf2 Nc6 30. Bxf7 Rf8 31. Bd5 Rxf4+ 32. Kg3 Rf6
33. Re2 Rd6 34. Bxc6 bxc6 35. Re8+ Kg7 36. Re7+ Kg6 37. Rxa7 Rd3+ 38. Kg4 Rb3
39. Ra6 Rxb2 40. Rxc6+ Kf7 41. Rc4 Kg6 42. h4 Rg2+ 43. Kf4 Kh5 44. Ke5 Ra2 45.
a4 Kg6 46. Rf4 Rd2 47. Rd4 Ra2 48. Kd6 Kf5 49. Kc5 Ke5 50. Rb4 Ke6 51. Kb6 Kd7
52. Rc4 Rb2+ 53. Ka6 h5 54. Ka5 Kd6 55. Rb4 Rh2 56. Kb6 Kd7 57. a5 Kc8 58. Kc6
Rh1 59. Kd6 Rg1 60. Rb5 Rg6+ 61. Ke7 1-0